Ingeniería bioquímica / (Record no. 134439)

MARC details
000 -LEADER
campo de control de longitud fija 00495nam a2200169 i 4500
001 - NÚMERO DE CONTROL
campo de control 134439
003 - IDENTIFICADOR DE NÚMERO DE CONTROL
campo de control ES-MaACL
005 - FECHA Y HORA DE LA ÚLTIMA TRANSACCIÓN
campo de control 20230906194655.0
007 - CAMPO FIJO DE DESCRIPCIÓN FÍSICA--INFORMACIÓN GENERAL
campo de control de longitud fija t|
008 - DATOS DE LONGITUD FIJA--INFORMACIÓN GENERAL
campo de control de longitud fija 070910s1966 sp ||||1| spa d
100 1# - ENTRADA PRINCIPAL--NOMBRE DE PERSONA
Nombre de persona Webb, F. C.
9 (RLIN) 116239
245 10 - MENCIÓN DEL TÍTULO
Título Ingeniería bioquímica /
Mención de responsabilidad, etc. F. C. Webb ; traducido por Celso Gutierrez Losa.
260 ## - PUBLICACIÓN, DISTRIBUCIÓN, ETC.
Lugar de publicación, distribución, etc. Zaragoza :
Nombre del editor, distribuidor, etc. Acribia,
Fecha de publicación, distribución, etc. [1966]
300 ## - DESCRIPCIÓN FÍSICA
Extensión 788 p. ;
Dimensiones 25 cm.
700 1# - ENTRADA AGREGADA--NOMBRE PERSONAL
Nombre de persona Gutiérrez Losa, Celso.
9 (RLIN) 61177
852 ## - LOCALIZACIÓN
Ubicación ES-MaACL
Número de control de estantería C-30829
Sublocalización o colección R.70144
Holdings
Estatus retirado Estado de pérdida Estado de daño No para préstamo Biblioteca de origen Biblioteca actual Ubicación en estantería Fecha de adquisición Fuente de adquisición Total de préstamos Signatura topográfica completa Código de barras Visto por última vez Precio de reemplazo Tipo de ítem Koha
        Biblioteca del Ateneo de Madrid Biblioteca del Ateneo de Madrid Depósito 2 17/01/2008     C-30829 1139936 23/02/2023 23/02/2023 Libro impreso